SMART POWER ASSISTANT (Record no. 173223)

000 -LEADER
fixed length control field 00474nam a2200157 4500
082 ## - DEWEY DECIMAL CLASSIFICATION NUMBER
Classification number BSCS-2 ARS
100 ## - MAIN ENTRY--PERSONAL NAME
Personal name MUHAMMAD FAROOQ ARSHAD
245 ## - TITLE STATEMENT
Title SMART POWER ASSISTANT
260 ## - PUBLICATION, DISTRIBUTION, ETC.
Place of publication, distribution, etc. ISLAMABAD
Name of publisher, distributor, etc. NUST-SEECS
Date of publication, distribution, etc. 2016
300 ## - PHYSICAL DESCRIPTION
Extent 51p.
Accompanying material CD INCLUDES
563 ## - BINDING INFORMATION
Binding note a
856 ## - Uniform Resource Identifier
Uniform Resource Identifier <a href="http://10.250.8.41:8080/xmlui/handle/123456789/8995">http://10.250.8.41:8080/xmlui/handle/123456789/8995</a>
942 ## - ADDED ENTRY ELEMENTS (KOHA)
Source of classification or shelving scheme
Koha item type Thesis
Holdings
Withdrawn status Lost status Source of classification or shelving scheme Damaged status Not for loan Permanent Location Current Location Shelving location Date acquired Source of acquisition Full call number Barcode Date last seen Uniform Resource Identifier Price effective from Koha item type
WITHDRAWN         Central Library (CL) Central Library (CL) Thesis 01/20/2017 NUST-SEECS BSCS-2 ARS SEECSP01916 01/20/2017 http://10.250.8.41:8080/xmlui/handle/123456789/8995 01/20/2017 Thesis
© 2023 Central Library, National University of Sciences and Technology. All Rights Reserved.